|
|
|
|
| LEADER |
00000nam a2200000 a 4500 |
| 001 |
UCG0479 |
| 003 |
CL-VaPUC |
| 008 |
100325e20070000GW |||||||||||||||||spa|d |
| 020 |
|
|
|a 9783822834800
|
| 082 |
0 |
4 |
|a 769.952
|b FAH
|2 21
|
| 100 |
0 |
|
|a Fahr-Becker, Gabriele
|e author
|9 547911
|
| 245 |
1 |
0 |
|a Grabados japoneses
|
| 300 |
|
|
|a 200 p
|
| 942 |
|
|
|c BK
|
| 945 |
|
|
|d 20100325 00:00:00
|a cmena
|
| 260 |
|
|
|a Colonia
|b Taschen
|c 2007
|
| 650 |
|
0 |
|a Artes gráficas
|9 265865
|
| 650 |
|
0 |
|a Grabados
|9 310822
|
| 650 |
|
0 |
|a Vida social
|9 337244
|
| 650 |
|
0 |
|a Costumbres y tradiciones
|9 268292
|
| 651 |
|
0 |
|a Japón
|9 260391
|
| 583 |
|
|
|a last modification
|c 20121217 09:19:33
|k Rodrigo Vera
|
| 999 |
|
|
|c 340101
|d 340099
|
| 952 |
|
|
|0 0
|1 0
|4 0
|6 769_952000000000000_FAH_2007
|7 0
|8 X
|9 434608
|a BIBART
|b BIBART
|d 2019-11-22
|i 4656148
|l 2
|o 769.952 FAH 2007
|p 4656148
|r 2025-03-13
|s 2023-05-11
|w 2019-11-22
|y BK_X
|k ART
|